000 00566nam a2200205Ia 4500
001 14616
003 GE_BSU
008 181216s||||||||xx |||||||||||||| ||und||
040 _cGE_BSU
080 _a821.353.1-1
100 _aნონეშვილი,იოსებ
245 _aლირიკა.
245 _cრედ.კ.ბობოხიძე
260 _aთბილისი
260 _bსაბჭოთა საქართველო
260 _c1961
300 _a270გვ.22სმ.
653 _aლირიკა.
942 _cBK
999 _c47745
_d47745